000 00700nab a2200253 a 4500
005 20210219160855.0
008 991125s1985 mx 000 0 spa u
035 _aUPN01000174261
100 1 _aAubert, Adriana
222 _aCULTURA Y EDUCACION :
222 _bREVISTA DE TEORIA, INVESTIGACION Y PRACTICA
245 _aEl aprendizaje dialógico
260 _aMadrid, España
300 _a129-139
362 0 _a2009 Vol. 21, no. 2, jun.
653 0 _aAPRENDIZAJE DIALOGICO
653 0 _aCOMUNIDADES DE APRENDIZAJE
653 0 _aINTERACCION SOCIAL
653 0 _aGarcía, Carme,
700 1 _ecoaut.
700 1 _aRacionero Plaza, Sandra,
700 1 _ecoaut.
905 _aArticulo
999 _c146365
_d146365